Aplikácia metódy riadenia údžby a inšpecií založenej na rizikách na 27 MW turbokompresorovej jednotke Cooper-Rolls spoločnosti Eustream.

Na minha lista:
Detalhes bibliográficos
Autor principal: Uherčík, Marek (Author)
Outros Autores: Rajzinger, Ján (Thesis advisor)
Formato: Manuscrito Livro
Idioma:eslovaco
Publicado em: 2015
Assuntos:
Acesso em linha:http://is.stuba.sk/zp/portal_zp.pl?podrobnosti=112930
Tags: Adicionar Tag
Sem tags, seja o primeiro a adicionar uma tag!

MARC

LEADER 00000ntm a22000003a 4500
001 stuzp51770
003 SK-STU
005 20160719153948.4
007 ta
008 150427s2015----xo-----f-mn---000-0-slo-d
040 |a STU  |b slo 
041 0 |a slo 
100 1 |a Uherčík, Marek  |u 020060  |4 aut  |U SjF Strojnícka fakulta  |T SjF Ústav tepelnej energetiky  |X 44506  |U J0060  |Y 805  |7 A000044506 
242 0 1 |a Aplication of the risk based maintenance and inspection method to 27 MW turbocharger unit Cooper-Rolls owned by Eustream company  |y eng 
245 1 0 |a Aplikácia metódy riadenia údžby a inšpecií založenej na rizikách na 27 MW turbokompresorovej jednotke Cooper-Rolls spoločnosti Eustream. 
260 |c 2015 
650 4 |a turbokompresor  |2 slo 
650 4 |a riziko  |2 slo 
650 4 |a RCM  |2 slo 
650 4 |a risk  |2 eng 
650 4 |a turbocharger  |2 eng 
650 4 |a RCM  |2 eng 
700 1 |a Rajzinger, Ján  |4 ths  |X 4268  |7 A000004268 
856 4 |u http://is.stuba.sk/zp/portal_zp.pl?podrobnosti=112930 
996 |b 284J043751  |c J* 2041/DP  |l JJSK  |s A  |a 24  |w stuzp51770_0001 
SQL |a stuzp51770  |b DDP  |c SLO  |d Aplikácia metódy riadenia údžby a inšpecií založenej na rizikách na 27 MW turbokompresorovej jednotke Cooper-Rolls spoločnosti Eustream.  |e 44506  |f Uherčík, Marek  |g 020060  |h 4268  |i Rajzinger, Ján  |j 20150617  |k 61  |l 02  |m http://is.stuba.sk/zp/portal_zp.pl?podrobnosti=112930  |n I-TESZ  |o 5.2.29. energetika